Nástroje a metódy riadenia podniku v krízových podmienkach bakalárska práca

Na minha lista:
Detalhes bibliográficos
Autor principal: Kotešovská, Hana
Autor Corporativo: Fakulta podnikového manažmentu EU. Katedra manažmentu
Outros Autores: Vaňková, Dana
Formato: Livro
Idioma:eslovaco
Publicado em: Bratislava 2012
Tags: Adicionar Tag
Sem tags, seja o primeiro a adicionar uma tag!

MARC

LEADER 00000nbm a2200000 4500
001 0154091
005 20161109111820.5
041 0 |a slo 
044 |a SK 
245 1 0 |a Nástroje a metódy riadenia podniku v krízových podmienkach  |b bakalárska práca  |c Hana Kotešovská ; školiteľ: Dana Vaňková 
264 1 |a Bratislava  |c 2012 
300 |a 56 s. 
100 1 |a Kotešovská, Hana 
700 1 |a Vaňková, Dana 
710 2 |a Fakulta podnikového manažmentu EU. Katedra manažmentu